Curs preparatori : programes / programes /
Descripción Física:
23 p. ; 22 cm
MARC
| LEADER | 00000nam a2200000Ia 4500 | ||
|---|---|---|---|
| 001 | 8689 | ||
| 003 | AGDB | ||
| 005 | 20260410113657.0 | ||
| 008 | 160829s1937 xx 000 0 cat d | ||
| 040 | |a agdb |b cat | ||
| 080 | |a RF-6-36 | ||
| 110 | 2 | |a Escola Professional de la Dona |9 52886 | |
| 245 | |a Curs preparatori : |b programes / |c Escola Professional per a la Dona | ||
| 260 | |a Barcelona : |b Generalitat de Catalunya ; |c 1937 | ||
| 300 | |a 23 p. ; |c 22 cm | ||
| 610 | 2 | 0 | |a Escola Professional de la Dona |x Currículums |9 54362 |
| 710 | 1 | |a Catalunya. |b Generalitat |9 12125 | |
| 856 | 4 | |u https://media.diba.cat/diba/fitxers/arxiu/fulletons/bib_8689_1937_baixa.pdf |y Accés lliure | |
| 856 | 4 | |u https://media.diba.cat/diba/fitxers/arxiu/fulletons/bib_8689_1937_baixa.pdf |y Accés lliure | |
| 856 | 4 | 0 | |u https://www.diba.cat/documents/94831/401503169/bib_8689_1937_baixa.pdf/06f9af13-9192-e630-2f7a-3b2363b44e6b?t=1702284893197 |z Accés lliure |
| 900 | |a bib_8689_1937_baixa.pdf | ||
| 901 | |a Arxiu | ||
| 942 | |n 1 |2 udc |c ARXIU | ||
| 952 | |0 0 |1 0 |4 0 |6 RF636 |7 1 |9 44765 |a Arxiu |b Arxiu |d 2016-12-01 |l 0 |o RF-6-36 |p 8689 |r 2016-12-01 00:00:00 |w 2016-12-01 |y ARXIU | ||
| 999 | |c 47347 |d 47347 | ||